At-tauhied, (Record no. 87257)

MARC details
000 -LEADER
fixed length control field 00553cam a22002171 4500
001 - CONTROL NUMBER
control field sa 68016705
003 - CONTROL NUMBER IDENTIFIER
control field DLC
005 - DATE AND TIME OF LATEST TRANSACTION
control field 20260227112656.0
008 - FIXED-LENGTH DATA ELEMENTS--GENERAL INFORMATION
fixed length control field 720927s1966 xx 000 0 ind
010 ## - LIBRARY OF CONGRESS CONTROL NUMBER
LC control number sa 68016705
035 ## - SYSTEM CONTROL NUMBER
System control number (OCoLC)418524
040 ## - CATALOGING SOURCE
Original cataloging agency DLC
Transcribing agency OAU
Modifying agency DLC
042 ## - AUTHENTICATION CODE
Authentication code premarc
050 00 - LIBRARY OF CONGRESS CALL NUMBER
Classification number BP166.2
Item number .H34
100 1# - MAIN ENTRY--PERSONAL NAME
Personal name Hassan, A.
245 10 - TITLE STATEMENT
Title At-tauhied,
Statement of responsibility, etc. oleh A. Hassan.
250 ## - EDITION STATEMENT
Edition statement [Tjet. 8.]
260 ## - PUBLICATION, DISTRIBUTION, ETC.
Place of publication, distribution, etc. Bandung,
Name of publisher, distributor, etc. "Diponegoro;"
-- [Pusat pendjual: "Dahlan,"
Date of publication, distribution, etc. 1966]
300 ## - PHYSICAL DESCRIPTION
Extent 92 p.
Dimensions 18 cm.
650 #0 - SUBJECT ADDED ENTRY--TOPICAL TERM
Topical term or geographic name entry element God (Islam)

No items available.

Powered by Koha